| 000 | 00374nam a2200181Ia 4500 | ||
|---|---|---|---|
| 100 | _aZakas/Nicholas C/ Mc Peak/ Jeremy | ||
| 650 | _aAJAX | ||
| 250 | _a2 | ||
| 942 | _cBK | ||
| 366 | _f25 | ||
| 654 | _aajax | ||
| 245 | _aProfessional Ajax | ||
| 260 |
_bWiley India _c2007 |
||
| 082 |
_a5.133 _bZAK |
||
| 300 | _a597 | ||
| 546 |
_aENGLISH _celectronics |
||
| 999 |
_c32390 _d32390 |
||